|
|
|
|
| LEADER |
00000nam0a2200000 4500 |
| 001 |
256386 |
| 005 |
20231101233118.0 |
| 020 |
|
|
|a RU
|b 87-67072
|
| 035 |
|
|
|a (RuTPU)RU\TPU\book\279063
|
| 090 |
|
|
|a 256386
|
| 100 |
|
|
|a 20140408d1987 k a0rusy5003 ca
|
| 101 |
0 |
|
|a rus
|
| 102 |
|
|
|a RU
|
| 105 |
|
|
|a y z 001zy
|
| 200 |
1 |
|
|a Метод неприводимых тензорных операторов в теории спектров молекул
|f Б. И. Жилинский, В. И. Перевалов, Вл. Г. Тютерев
|g Академия наук СССР (АН СССР), Сибирское отделение (СО), Институт оптики атмосферы (ИОА)
|
| 210 |
|
|
|a Новосибирск
|c Наука
|d 1987
|
| 215 |
|
|
|a 230 с.
|
| 320 |
|
|
|a Библиогр.: с. 221-231 (239 назв.)
|
| 606 |
1 |
|
|a Молекулы
|2 stltpush
|3 (RuTPU)RU\TPU\subj\44265
|9 63628
|
| 610 |
1 |
|
|a спектры
|
| 610 |
1 |
|
|a симметрия
|
| 610 |
1 |
|
|a тензорное исчисление
|
| 610 |
1 |
|
|a расчет
|
| 610 |
1 |
|
|a применение
|
| 610 |
1 |
|
|a тензорные операторы
|
| 675 |
|
|
|a 539.19
|z rus
|
| 700 |
|
1 |
|a Жилинский
|b Б. И.
|g Борис Игоревич
|4 070
|
| 701 |
|
1 |
|a Перевалов
|b В. И.
|
| 701 |
|
1 |
|a Тютерев
|b Вл. Г.
|
| 712 |
0 |
2 |
|a Академия наук СССР (АН СССР)
|b Сибирское отделение (СО)
|b Институт оптики атмосферы (ИОА)
|c (Томск)
|2 stltpush
|3 (RuTPU)RU\TPU\col\11569
|
| 801 |
|
0 |
|a RU
|b RuMRKP
|c 19950417
|g psbo
|
| 801 |
|
1 |
|a RU
|b 63413507
|c 20140408
|
| 801 |
|
2 |
|a RU
|b 63413507
|c 20150406
|g RCR
|
| 942 |
|
|
|c BK
|